Cultural diversity in health and illness / (Record no. 5577)

MARC details
000 -LEADER
fixed length control field 01513cam a2200217 i 4500
020 ## - INTERNATIONAL STANDARD BOOK NUMBER
ISBN 0838513948
050 00 - CALL NUMBER
Classification number RA418
Item number .S73
100 1# - AUTHOR
Personal name Spector, Rachel E.,
245 10 - TITLE
Title Cultural diversity in health and illness /
Statement of responsibility, etc Rachel E. Spector ; with contributions by Manuel Spector, Irving Kenneth Zola.
260 ## - PUBLICATION INFORMATION
Place of publication New York :
Name of publisher Appleton-Century-Crofts,
Year of publication c1979.
300 ## - DESCRIPTION
Number of Pages xxii, 324 p. :
Other physical details ill. ;
Dimensions 23 cm.
500 ## - NOTES
General note Includes index.
505 ## - FORMATTED CONTENTS NOTE
Table of Content Unit I: Provider Self-Awareness: <br/>1. Health --<br/>2. Illness --<br/>3. Familial folk remedies --<br/>Unit II: Issues of Delivery and Acceptance of Health Care: <br/>4. The Delivery of health care --<br/>5. Culture, health and illness, <br/>culture and symptoms : an analysis of patients presenting complaints / Irving Kenneth Zola --<br/>6. Healing --<br/>Unit III: A Barrier and a Bridge: <br/>7. Poverty : the barrier of health care / Manuel Spector --<br/>8. Is health care a right? : Negative response / Robert Sade ; Affirmative response / Hildegarde Peplau --<br/>Unit IV: Traditional Views of Health and Illness: <br/>9. Health and illness in the Asian-American community --<br/>10. Health and illness in the Black-American community --<br/>11. Health and illness in the Hispanic-American community --<br/>12. Health and illness in the Native-American community.
650 #0 - SUBJECTS
Topical Term Social medicine.
650 #0 - SUBJECTS
Topical Term Medical anthropology.
650 #0 - SUBJECTS
Topical Term Health attitudes.
650 #0 - SUBJECTS
Topical Term Medical personnel and patient.
650 #0 - SUBJECTS
Topical Term Medical care
650 #0 - SUBJECTS
Topical Term Minorities
General subdivision Health and hygiene
942 ## - ADDED ENTRY ELEMENTS (KOHA)
Koha item type Books
Holdings
Withdrawn status Lost status Collection code Home library Current library Shelving location Date acquired Full call number Accession Number Koha item type
    Reference Methodist University Library Main Methodist University Library Main General Stacks 28/12/2008 RA418 .S73 23588 Books
Copyright © 2026  MUG Library